=LDR 00000nam 2200000 4500 =001 000988 =005 20250712022121 =035 ##$$a 0010-0725000867 =007 ta =008 250712################a##########0#ind## =020 ##$$a 978-623-307-420-9 =082 ##$$a 398. 209 598 =084 ##$$a 398. 209 598 GAM t =100 #$$a Gamage, Aruna Keerthi =245 1#$$a Tikus dan Tetikus /$c Aruna Keerthi Gamage =250 ##$$a Cetakan Pertama =260 ##$$a Jakarta Timur :$b Badan Pengembangan dan Pembinaan Bahasa,$c 2024 =300 ##$$a 24 hlm. : $b Ilus. ; $c 21 cm =650 #4$$a Cerita anak Indonesia-Terjemahan =650 #4$$a Literasi-Bahan Bacaan =856 ##$$a TBM As-Suhada =990 ##$$a TBM2024006246